Statistics for Taylor Swift Songs By Punctuation

Click here to take the quiz!

General Stats

  • This quiz has been taken 72 times
  • The average score is 16 of 31

Answer Stats

HintAlbumAnswer% Correct
...?MidnightsQuestion...?
90%
... ?reputation...Ready For It?
88%
" !"1989 (TV)"Slut!"
88%
&LoverMiss Americana & The Heartbreak Prince
79%
!LoverME!
77%
-MidnightsAnti-Hero
71%
&Fearless (TV)Forever & Always
67%
?1989 (TV)Is It Over Now?
65%
'Taylor SwiftMary's Song (Oh My My My)
65%
...reputationSo It Goes...
58%
' , ' , ' ,MidnightsWould've, Could've, Should've
58%
'reputationNew Year's Day
52%
,evermoreno body, no crime (feat. HAIM)
52%
'evermoreit's time to go
50%
'reputationThis Is Why We Can't Have Nice Things
50%
'reputationDon't Blame Me
48%
'1989 (TV)Now That We Don't Talk
48%
...Red (TV)Come Back...Be Here
46%
'1989 (TV)Say Don't Go
46%
'LoverSoon You'll Get Better (feat. The Chicks)
46%
' 'Taylor SwiftI'm Only Me When I'm With You
44%
' ,MidnightsYou're On Your Own, Kid
44%
?Beautiful EyesI Heart ?
42%
'LoverIt's Nice To Have A Friend
42%
'evermore'tis the damn season
42%
.Fearless (TV)Mr. Perfectly Fine
40%
'Taylor SwiftShould've Said No
38%
'Fearless (TV)Don't You
33%
'Fearless (TV)That's When (feat. Keith Urban)
31%
.RedI Knew You Were Trouble.
19%
'Fearless (TV)You're Not Sorry
15%

Score Distribution

Percentile by Number Answered

Percent of People with Each Score

Your Score History

You have not taken this quiz